HOW TO GET MORE OUT OF LOW COST ELECTRONIC TEST EQUIPMENT (Record no. 580486)

000 -LEADER
fixed length control field 00367nam a22001217a 4500
082 ## - DEWEY DECIMAL CLASSIFICATION NUMBER
Classification number 621.381548 GEN'P
100 ## - MAIN ENTRY--PERSONAL NAME
Personal name GENN, R. C
9 (RLIN) 74986
245 ## - TITLE STATEMENT
Title HOW TO GET MORE OUT OF LOW COST ELECTRONIC TEST EQUIPMENT
260 ## - PUBLICATION, DISTRIBUTION, ETC.
Place of publication, distribution, etc. NEWYORK
Name of publisher, distributor, etc. PARKER
Date of publication, distribution, etc. 1979
300 ## - PHYSICAL DESCRIPTION
Extent 208P
650 ## - SUBJECT ADDED ENTRY--TOPICAL TERM
Topical term or geographic name entry element ELECTRONIC INSTRUMENTS ELECTRONIC APPARATUS AND APPLICATION TESTING
9 (RLIN) 74987
942 ## - ADDED ENTRY ELEMENTS (KOHA)
Koha item type Book
Holdings
Withdrawn status Lost status Damaged status Not for loan Permanent Location Current Location Shelving location Date acquired Total Checkouts Full call number Barcode Date last seen Price effective from Koha item type
        College of Electrical & Mechanical Engineering (CEME) College of Electrical & Mechanical Engineering (CEME) General Stacks 05/12/2017   621.381548 GEN'P CEME-14640 06/28/2021 06/28/2021 Book
© 2023 Central Library, National University of Sciences and Technology. All Rights Reserved.